000 00278nam a2200121Ia 4500
008 190802s9999 xx 000 0 und d
020 _a969-519-088-X
100 _aMartin Lings
245 0 _aMuhammad
260 _aLahore
_bSuhail Academy
_c2005
300 _a362:p
942 _cBK
999 _c2459
_d2459